Orinoquia-Amazonia, resenas analiticas.

Bibliographic Details
Corporate Author: Programa Orinoquia-Amazonia. Comisión Bibliográfica
Format: Book
Language:Spanish
Published: Bogota, Columbia : Comision Bibliografica, Programa Orinoquia-Amazonia, Universidad Nacional de Colombia, 1977.
Series:Serie Bibliografía y documentación ; vol. 2.
Subjects:

MARC

Tag First Indicator Second Indicator Subfields
LEADER 00000cam a2200000 a 4500
001 in00000086894
005 20151008062821.0
008 790717s1977 ck a f00010 spam
010 |a  79106289  
035 |a (OCoLC)05408044 
035 |9 AAK1001AM 
040 |a DLC  |c DLC  |d TXA  |d UtOrBLW 
043 |a s-ck--- 
049 |a TXAM  |c [1197118] 
050 0 0 |a F2252  |b  P76 1977 
082 0 |a 986.1 
110 2 |a Programa Orinoquia-Amazonia.  |b Comisión Bibliográfica. 
245 1 0 |a Orinoquia-Amazonia, resenas analiticas. 
264 1 |a Bogota, Columbia :  |b Comision Bibliografica, Programa Orinoquia-Amazonia, Universidad Nacional de Colombia,  |c 1977. 
300 |a x, 107 pages ;  |c 25 cm. 
336 |a text  |b txt  |2 rdacontent 
337 |a unmediated  |b n  |2 rdamedia 
338 |a volume  |b nc  |2 rdacarrier 
490 1 |a Serie Bibliografia y documentacion ;  |v v. 2 
500 |a Cover title. 
651 0 |a Colombia  |x Abstracts. 
651 0 |a Orinoco River Valley (Venezuela)  |x Abstracts. 
651 0 |a Amazon River Valley  |x Abstracts. 
830 0 |a Serie Bibliografía y documentación ;  |v vol. 2. 
999 |a MARS 
999 f f |s 080f073d-1d80-334c-a6e7-221f3ecf213a  |i 5f88fb67-5807-381b-bfe3-54f6ea5f2cd3  |t 0 
952 f f |p ric  |a Texas A&M University  |b Rellis Campus  |c Joint Library Facility  |d Remote Storage  |t 0  |e F2252 P76 1977  |h Library of Congress classification  |i unmediated -- volume  |m A14805979976 
998 f f |a F2252 P76 1977  |t 0  |l Remote Storage